<?xml version="1.0" encoding="UTF-8"?>
<record
    xmlns:xsi="http://www.w3.org/2001/XMLSchema-instance"
    xsi:schemaLocation="http://www.loc.gov/MARC21/slim http://www.loc.gov/standards/marcxml/schema/MARC21slim.xsd"
    xmlns="http://www.loc.gov/MARC21/slim">

  <leader>02642nam a2200481Ia 4500</leader>
  <controlfield tag="005">20220316235216.0</controlfield>
  <controlfield tag="008">121119s2001    ck     gr     000 p spa</controlfield>
  <datafield tag="020" ind1=" " ind2=" ">
    <subfield code="a">9589528619</subfield>
  </datafield>
  <datafield tag="041" ind1="0" ind2=" ">
    <subfield code="a">spa</subfield>
  </datafield>
  <datafield tag="082" ind1="0" ind2="4">
    <subfield code="a">Co 861.09</subfield>
    <subfield code="b">H37</subfield>
  </datafield>
  <datafield tag="245" ind1="0" ind2="0">
    <subfield code="a">Historia de la poes&#xED;a colombiana</subfield>
    <subfield code="c">por James J. Alstrum... [y otros catorce] ; direcci&#xF3;n Mar&#xED;a Mercedes Carranza ; asesores Dar&#xED;o Jaramillo Agudelo, Ignacio Chaves Cuevas</subfield>
  </datafield>
  <datafield tag="250" ind1=" " ind2=" ">
    <subfield code="a">2a. edici&#xF3;n</subfield>
  </datafield>
  <datafield tag="300" ind1=" " ind2=" ">
    <subfield code="a">603 p&#xE1;ginas</subfield>
    <subfield code="c">25 cm</subfield>
  </datafield>
  <datafield tag="500" ind1=" " ind2=" ">
    <subfield code="a">Incluye &#xED;ndice</subfield>
  </datafield>
  <datafield tag="504" ind1=" " ind2=" ">
    <subfield code="a">Incluye bibliograf&#xED;a</subfield>
  </datafield>
  <datafield tag="505" ind1=" " ind2=" ">
    <subfield code="a">Poes&#xED;a ind&#xED;gena / William Ospina -- Poes&#xED;a de la conquista / William Ospina -- Poes&#xED;a de la colonia / William Ospina -- Poes&#xED;a de la independencia / William Ospina -- Romanticismo / David Jim&#xE9;nez P. -- Poes&#xED;a finisecular / David Jim&#xE9;nez P.--  Montserrat Ord&#xF3;&#xF1;ez / Jos&#xE9; Asunci&#xF3;n Silva / Montserrat Ord&#xF3;&#xF1;ez -- Modernismos / J. Eduardo Jaramillo Zuluaga / Juan Gustavo Cobo Borda Los Nuevos / Di&#xF3;genes Fajardo -- Aurelio Arturo / Claudia Cadena Silva -- Piedra y Cielo / Fernando Charry Lara --  Mito / Jaime Garc&#xED;a Maffla -- Guillermo Alberto Ar&#xE9;valo / Nada&#xED;smo / Oscar Collazos -- Mario Rivero / Dar&#xED;o Jaramillo Agudelo -- Generaci&#xF3;n de Golpe de dados / James Alstrum --  Antolog&#xED;as / Dar&#xED;o Jaramillo Agudelo</subfield>
  </datafield>
  <datafield tag="650" ind1="1" ind2="4">
    <subfield code="2">LEMB</subfield>
    <subfield code="a">Poes&#xED;a colombiana </subfield>
    <subfield code="y">Siglo XX</subfield>
  </datafield>
  <datafield tag="650" ind1="1" ind2="4">
    <subfield code="2">LEMB</subfield>
    <subfield code="a">Literatura colombiana</subfield>
    <subfield code="y">Siglo XX</subfield>
  </datafield>
  <datafield tag="650" ind1="1" ind2="4">
    <subfield code="2">LEMB</subfield>
    <subfield code="a">Preceptiva literaria</subfield>
    <subfield code="z">Colombia</subfield>
  </datafield>
  <datafield tag="650" ind1="1" ind2="4">
    <subfield code="2">LEMB</subfield>
    <subfield code="a">Historia en la literatura</subfield>
  </datafield>
  <datafield tag="650" ind1="1" ind2="4">
    <subfield code="2">LEMB</subfield>
    <subfield code="a">Cr&#xED;tica en la literatura</subfield>
  </datafield>
  <datafield tag="700" ind1="1" ind2=" ">
    <subfield code="a">Carranza, Mar&#xED;a Mercedes,</subfield>
    <subfield code="d">1945-2003</subfield>
    <subfield code="e">director</subfield>
    <subfield code="9">45267</subfield>
  </datafield>
  <datafield tag="700" ind1="1" ind2=" ">
    <subfield code="a">Jaramillo Agudelo, Dar&#xED;o,</subfield>
    <subfield code="d">1947-</subfield>
    <subfield code="9">3283</subfield>
  </datafield>
  <datafield tag="700" ind1="1" ind2=" ">
    <subfield code="a">Alstrum, James Joseph,</subfield>
    <subfield code="d">1946-</subfield>
    <subfield code="9">45268</subfield>
  </datafield>
  <datafield tag="700" ind1="1" ind2=" ">
    <subfield code="a">Chaves Cuevas, Ignacio</subfield>
    <subfield code="9">45269</subfield>
  </datafield>
  <datafield tag="700" ind1="1" ind2=" ">
    <subfield code="a">Ospina, William,</subfield>
    <subfield code="d">1954-</subfield>
    <subfield code="9">10095</subfield>
  </datafield>
  <datafield tag="700" ind1="1" ind2=" ">
    <subfield code="a">Jim&#xE9;nez Panesso, David,</subfield>
    <subfield code="d">1945-</subfield>
    <subfield code="9">45270</subfield>
  </datafield>
  <datafield tag="700" ind1="1" ind2=" ">
    <subfield code="a">Ordo&#xF1;ez, Montserrat,</subfield>
    <subfield code="d">1941-2001</subfield>
    <subfield code="9">45271</subfield>
  </datafield>
  <datafield tag="700" ind1="1" ind2=" ">
    <subfield code="a">Jaramillo Zuluaga, Jos&#xE9; Eduardo,</subfield>
    <subfield code="d">1957-</subfield>
    <subfield code="9">45272</subfield>
  </datafield>
  <datafield tag="700" ind1="1" ind2=" ">
    <subfield code="a">Cobo Borda, Juan Gustavo,</subfield>
    <subfield code="d">1948-</subfield>
    <subfield code="e">compilador</subfield>
    <subfield code="9">17299</subfield>
  </datafield>
  <datafield tag="700" ind1="1" ind2=" ">
    <subfield code="a">Fajardo Valenzuela, Di&#xF3;genes,</subfield>
    <subfield code="d">1948-</subfield>
    <subfield code="9">45273</subfield>
  </datafield>
  <datafield tag="700" ind1="1" ind2=" ">
    <subfield code="a">Cadena Silva, Claudia,</subfield>
    <subfield code="d">1964-</subfield>
    <subfield code="9">45274</subfield>
  </datafield>
  <datafield tag="700" ind1="1" ind2=" ">
    <subfield code="a">Charry Lara, Fernando,</subfield>
    <subfield code="d">1920-2004</subfield>
    <subfield code="9">21224</subfield>
  </datafield>
  <datafield tag="700" ind1="1" ind2=" ">
    <subfield code="a">Garc&#xED;a Maffla, Jaime,</subfield>
    <subfield code="d">1944-</subfield>
    <subfield code="9">45275</subfield>
  </datafield>
  <datafield tag="700" ind1="1" ind2=" ">
    <subfield code="a">Ar&#xE9;valo, Guillermo Alberto,</subfield>
    <subfield code="d">1947-</subfield>
    <subfield code="9">45276</subfield>
  </datafield>
  <datafield tag="700" ind1="1" ind2=" ">
    <subfield code="a">Collazos, Oscar,</subfield>
    <subfield code="d">1942-</subfield>
    <subfield code="9">17261</subfield>
  </datafield>
  <datafield tag="942" ind1=" " ind2=" ">
    <subfield code="2">ddc</subfield>
    <subfield code="c">BKLIT</subfield>
  </datafield>
  <datafield tag="264" ind1=" " ind2=" ">
    <subfield code="a">Bogot&#xE1;</subfield>
    <subfield code="b">Fundaci&#xF3;n Casa de Poes&#xED;a Silva</subfield>
    <subfield code="c">2001</subfield>
  </datafield>
  <datafield tag="336" ind1=" " ind2=" ">
    <subfield code="a">texto</subfield>
    <subfield code="b">txt</subfield>
    <subfield code="2">rdacontent</subfield>
  </datafield>
  <datafield tag="337" ind1=" " ind2=" ">
    <subfield code="a">sin mediaci&#xF3;n</subfield>
    <subfield code="b">n</subfield>
    <subfield code="2">rdamedia</subfield>
  </datafield>
  <datafield tag="338" ind1=" " ind2=" ">
    <subfield code="a">volumen</subfield>
    <subfield code="b">nc</subfield>
    <subfield code="2">rdacarrier</subfield>
  </datafield>
  <datafield tag="040" ind1=" " ind2=" ">
    <subfield code="a">CO-BoRNBP</subfield>
    <subfield code="b">spa</subfield>
    <subfield code="e">rda</subfield>
    <subfield code="c">CO-BoRNBP</subfield>
  </datafield>
  <datafield tag="999" ind1=" " ind2=" ">
    <subfield code="c">234</subfield>
    <subfield code="d">234</subfield>
  </datafield>
  <datafield tag="952" ind1=" " ind2=" ">
    <subfield code="0">0</subfield>
    <subfield code="1">0</subfield>
    <subfield code="2">ddc</subfield>
    <subfield code="4">0</subfield>
    <subfield code="7">0</subfield>
    <subfield code="8">GEN</subfield>
    <subfield code="a">MEDORADO</subfield>
    <subfield code="b">MEDORADO</subfield>
    <subfield code="c">GEN</subfield>
    <subfield code="d">2023-01-16</subfield>
    <subfield code="l">0</subfield>
    <subfield code="o">Co 861.09 H37</subfield>
    <subfield code="p">DOR00939</subfield>
    <subfield code="r">2023-01-16 00:00:00</subfield>
    <subfield code="t">Ej.1</subfield>
    <subfield code="w">2023-01-16</subfield>
    <subfield code="y">BKLIT</subfield>
  </datafield>
  <datafield tag="952" ind1=" " ind2=" ">
    <subfield code="0">0</subfield>
    <subfield code="1">0</subfield>
    <subfield code="2">ddc</subfield>
    <subfield code="4">0</subfield>
    <subfield code="7">0</subfield>
    <subfield code="8">GEN</subfield>
    <subfield code="a">MEGUAMAL</subfield>
    <subfield code="b">MEGUAMAL</subfield>
    <subfield code="c">GEN</subfield>
    <subfield code="d">2023-04-12</subfield>
    <subfield code="o">CO861.09 H37</subfield>
    <subfield code="p">GUA003083</subfield>
    <subfield code="r">2023-04-12 00:00:00</subfield>
    <subfield code="t">Ej.1</subfield>
    <subfield code="w">2023-04-12</subfield>
    <subfield code="y">BKLIT</subfield>
  </datafield>
  <datafield tag="952" ind1=" " ind2=" ">
    <subfield code="0">0</subfield>
    <subfield code="1">0</subfield>
    <subfield code="2">ddc</subfield>
    <subfield code="4">0</subfield>
    <subfield code="7">0</subfield>
    <subfield code="8">GEN</subfield>
    <subfield code="a">MEGUAMAL</subfield>
    <subfield code="b">MEGUAMAL</subfield>
    <subfield code="c">GEN</subfield>
    <subfield code="d">2023-04-12</subfield>
    <subfield code="l">0</subfield>
    <subfield code="o">C861.09 H48</subfield>
    <subfield code="p">GUA003084</subfield>
    <subfield code="r">2023-04-12 00:00:00</subfield>
    <subfield code="t">Ej.1</subfield>
    <subfield code="w">2023-04-12</subfield>
    <subfield code="y">BKLIT</subfield>
  </datafield>
  <datafield tag="952" ind1=" " ind2=" ">
    <subfield code="0">0</subfield>
    <subfield code="1">0</subfield>
    <subfield code="2">ddc</subfield>
    <subfield code="4">0</subfield>
    <subfield code="7">0</subfield>
    <subfield code="8">GEN</subfield>
    <subfield code="a">MEFTEORO</subfield>
    <subfield code="b">MEFTEORO</subfield>
    <subfield code="c">GEN</subfield>
    <subfield code="d">2023-05-30</subfield>
    <subfield code="l">0</subfield>
    <subfield code="o">CO861.09 H37</subfield>
    <subfield code="p">Fo00001017</subfield>
    <subfield code="r">2023-05-30 00:00:00</subfield>
    <subfield code="t">Ej.1</subfield>
    <subfield code="w">2023-05-30</subfield>
    <subfield code="y">BKLIT</subfield>
  </datafield>
  <datafield tag="952" ind1=" " ind2=" ">
    <subfield code="0">0</subfield>
    <subfield code="1">0</subfield>
    <subfield code="2">ddc</subfield>
    <subfield code="4">0</subfield>
    <subfield code="7">0</subfield>
    <subfield code="8">GEN</subfield>
    <subfield code="a">MESMARTI</subfield>
    <subfield code="b">MESMARTI</subfield>
    <subfield code="c">GEN</subfield>
    <subfield code="d">2023-09-21</subfield>
    <subfield code="l">0</subfield>
    <subfield code="o">CO861.09  H37</subfield>
    <subfield code="p">SM002660</subfield>
    <subfield code="r">2023-09-21 22:07:41</subfield>
    <subfield code="t">Ej.1</subfield>
    <subfield code="w">2023-09-21</subfield>
    <subfield code="y">BKLIT</subfield>
  </datafield>
  <datafield tag="952" ind1=" " ind2=" ">
    <subfield code="0">0</subfield>
    <subfield code="1">0</subfield>
    <subfield code="2">ddc</subfield>
    <subfield code="4">0</subfield>
    <subfield code="7">0</subfield>
    <subfield code="8">GEN</subfield>
    <subfield code="a">MEMAPIRI</subfield>
    <subfield code="b">MEMAPIRI</subfield>
    <subfield code="c">GEN</subfield>
    <subfield code="d">2024-01-18</subfield>
    <subfield code="l">0</subfield>
    <subfield code="o">CO861.09 H37</subfield>
    <subfield code="p">MAP00002762</subfield>
    <subfield code="r">2024-01-18 16:35:02</subfield>
    <subfield code="t">Ej.1</subfield>
    <subfield code="w">2024-01-18</subfield>
    <subfield code="y">BKLIT</subfield>
  </datafield>
  <datafield tag="952" ind1=" " ind2=" ">
    <subfield code="0">0</subfield>
    <subfield code="1">0</subfield>
    <subfield code="2">ddc</subfield>
    <subfield code="4">0</subfield>
    <subfield code="7">0</subfield>
    <subfield code="8">GEN</subfield>
    <subfield code="a">MECUMARA</subfield>
    <subfield code="b">MECUMARA</subfield>
    <subfield code="c">LIT</subfield>
    <subfield code="d">2024-07-24</subfield>
    <subfield code="l">0</subfield>
    <subfield code="o">CO861.09H37</subfield>
    <subfield code="p">CUM1301</subfield>
    <subfield code="r">2024-07-24 11:21:16</subfield>
    <subfield code="t">Ej.1</subfield>
    <subfield code="w">2024-07-24</subfield>
    <subfield code="y">BKLIT</subfield>
  </datafield>
  <datafield tag="952" ind1=" " ind2=" ">
    <subfield code="0">0</subfield>
    <subfield code="1">0</subfield>
    <subfield code="2">ddc</subfield>
    <subfield code="4">0</subfield>
    <subfield code="7">0</subfield>
    <subfield code="8">GEN</subfield>
    <subfield code="a">MEURIBE</subfield>
    <subfield code="b">MEURIBE</subfield>
    <subfield code="c">GEN</subfield>
    <subfield code="d">2024-08-16</subfield>
    <subfield code="l">0</subfield>
    <subfield code="o">CO861.09 H37</subfield>
    <subfield code="p">URI01139</subfield>
    <subfield code="r">2024-08-16 15:04:20</subfield>
    <subfield code="t">Ej.1</subfield>
    <subfield code="w">2024-08-16</subfield>
    <subfield code="y">BKLIT</subfield>
  </datafield>
  <datafield tag="952" ind1=" " ind2=" ">
    <subfield code="0">0</subfield>
    <subfield code="1">0</subfield>
    <subfield code="2">ddc</subfield>
    <subfield code="4">0</subfield>
    <subfield code="7">0</subfield>
    <subfield code="8">GEN</subfield>
    <subfield code="a">MEPLLERAS</subfield>
    <subfield code="b">MEPLLERAS</subfield>
    <subfield code="c">LIT</subfield>
    <subfield code="d">2025-01-15</subfield>
    <subfield code="l">0</subfield>
    <subfield code="o">Co 861.09 H37</subfield>
    <subfield code="p">PLL01640</subfield>
    <subfield code="r">2025-01-15 16:39:42</subfield>
    <subfield code="t">Ej.1</subfield>
    <subfield code="w">2025-01-15</subfield>
    <subfield code="y">BKLIT</subfield>
  </datafield>
  <datafield tag="952" ind1=" " ind2=" ">
    <subfield code="0">0</subfield>
    <subfield code="1">0</subfield>
    <subfield code="2">ddc</subfield>
    <subfield code="4">0</subfield>
    <subfield code="7">0</subfield>
    <subfield code="8">GEN</subfield>
    <subfield code="a">MESGUARO</subfield>
    <subfield code="b">MESGUARO</subfield>
    <subfield code="c">GEN</subfield>
    <subfield code="d">2025-07-01</subfield>
    <subfield code="l">0</subfield>
    <subfield code="o">Co 861.09 H37</subfield>
    <subfield code="p">SG03426</subfield>
    <subfield code="r">2025-07-01 10:41:55</subfield>
    <subfield code="t">Ej.1</subfield>
    <subfield code="w">2025-07-01</subfield>
    <subfield code="y">BKLIT</subfield>
  </datafield>
  <datafield tag="952" ind1=" " ind2=" ">
    <subfield code="0">0</subfield>
    <subfield code="1">0</subfield>
    <subfield code="2">ddc</subfield>
    <subfield code="4">0</subfield>
    <subfield code="7">0</subfield>
    <subfield code="8">GEN</subfield>
    <subfield code="a">MEPLOPEZ</subfield>
    <subfield code="b">MEPLOPEZ</subfield>
    <subfield code="c">GEN</subfield>
    <subfield code="d">2025-10-28</subfield>
    <subfield code="l">0</subfield>
    <subfield code="o">Co 861.09 H37</subfield>
    <subfield code="p">PLZ03942</subfield>
    <subfield code="r">2025-10-28 22:46:29</subfield>
    <subfield code="t">Ej.1</subfield>
    <subfield code="w">2025-10-28</subfield>
    <subfield code="y">BKLIT</subfield>
  </datafield>
</record>
